[Event "Challenge"]
[Site "http://www.queenalice.com/game.php?id=315847"]
[Date "2007.12.6"]
[Round "-"]
[White "debia"]
[Black "eon"]
[Result "0-1"]
[WhiteElo "1614"]
[BlackElo "1500"]

1. e4 e5 2. Bc4 Nc6 3. Qf3 Nf6 4. d3 h6 5. h4 d6 6. h5 Nd4 7. Qd1 Bg4 8. f3 Bxh5
9. g4 Bg6 10. Be3 Be7 11. Bxd4 exd4 12. Na3 c6 13. Qd2 d5 14. exd5 Nxd5 15.
O-O-O Bg5 16. Re1+ Kd7 17. Re3 Bxe3 18. Qxe3 Nxe3 19. Bb3 Qg5 20. Kb1 Rhe8 21.
Nh3 Qh4 22. Nc4 Nxc4 23. Bxc4 Re1+ 0-1

[Event "Challenge"]
[Site "http://www.queenalice.com/game.php?id=315882"]
[Date "2007.12.6"]
[Round "-"]
[White "danniel"]
[Black "eon"]
[Result "1-0"]
[WhiteElo "1521"]
[BlackElo "1521"]

1. e3 Nf6 2. a3 e5 3. d4 e4 4. f4 exf3 5. Nxf3 d5 6. b3 Bg4 7. h3 Bd6 8. b4 Bg3+
9. Ke2 Bh5 10. Bb2 Ne4 11. Rg1 Qd7 12. Nc3 Qf5 13. Qd3 O-O 14. Nxe4 dxe4 15. Qc3
exf3+ 16. gxf3 Bxf3+ 17. Kd2 Bd6 18. Re1 Nd7 19. Qd3 Qe4 20. d5 g6 21. Be2 Qxd3+
22. cxd3 Bxd5 23. e4 Be6 24. h4 Be7 25. Bh5 Bf6 26. Bxf6 Nxf6 27. Bf3 c6 28. e5
Ne8 29. b5 Bd5 30. Be2 cxb5 31. d4 Nc7 32. h5 Ne6 33. Bxb5 Nxd4 34. hxg6 Nf3+
35. Ke3 hxg6 36. Bc4 Nxg1 37. Bxd5 Rae8 38. Rxg1 Rxe5+ 39. Kd4 Rxd5+ 40. Kxd5
Rc8 41. a4 b6 42. Kd6 Rc5 43. Re1 Ra5 44. Re8+ 1-0

[Event "Challenge"]
[Site "http://www.queenalice.com/game.php?id=315885"]
[Date "2007.12.6"]
[Round "-"]
[White "Random314"]
[Black "eon"]
[Result "1-0"]
[WhiteElo "1636"]
[BlackElo "1871"]

1. e4 e5 2. Bc4 Nc6 3. d3 h6 4. f4 Bd6 5. f5 Bb4+ 6. c3 Bc5 7. Qh5 Qf6 8. Bg5
Qxg5 9. Qxf7+ Kd8 10. Qd5 Qxg2 11. Qxc5 Nf6 12. Nd2 Qxh1 13. O-O-O Qxh2 14. Ngf3
Qh5 15. Nxe5 Nxe5 16. Qxe5 d6 17. Qf4 Bd7 18. e5 dxe5 19. Qxe5 Qxf5 20. Qg3 Be6
21. Qxg7 Re8 22. Qxh6 Kd7 23. Ne4 Nd5 24. Qg7+ Kc6 25. Qd4 b6 26. b4 Rad8 27.
b5+ Kb7 28. Qg7 Ne3 29. Rh1 Bxc4 30. Rh7 Qxh7 31. Qxh7 Bxd3 32. Qh3 Rxe4 33. Qf3
Re8 34. a4 Bc4 35. Kb2 Be2 36. Qxe2 1-0

[Event "Challenge"]
[Site "http://www.queenalice.com/game.php?id=315889"]
[Date "2007.12.6"]
[Round "-"]
[White "wellcome"]
[Black "eon"]
[Result "0-1"]
[WhiteElo "1566"]
[BlackElo "1807"]

1. e4 e5 2. Qf3 Nc6 3. Bc4 Nf6 4. Ne2 d6 5. O-O Be7 6. c3 O-O 7. h3 Qe8 8. Bb5
Bd7 9. Bxc6 Bxc6 10. d3 Rd8 11. Bg5 d5 12. Nd2 dxe4 13. dxe4 Nd7 14. Bxe7 Qxe7
15. Ng3 Nc5 16. Nf5 Qg5 17. Qg3 Qxg3 18. Nxg3 Rxd2 19. b4 Nxe4 20. Nxe4 Bxe4 21.
Rae1 Bd3 22. Rxe5 Bxf1 23. Kxf1 Rxa2 24. Re7 Rc8 25. g4 g6 26. h4 Ra3 27. c4 Ra4
0-1

[Event "Challenge"]
[Site "http://www.queenalice.com/game.php?id=315904"]
[Date "2007.12.6"]
[Round "-"]
[White "brianrintoul"]
[Black "eon"]
[Result "1-0"]
[WhiteElo "1412"]
[BlackElo "1687"]

1. Nf3 Nf6 2. e3 e5 3. Nxe5 Nc6 4. Ng4 d5 5. Nc3 Bxg4 6. f3 Bf5 7. g4 Be6 8. h4
Qd6 9. Ne2 Be7 10. c3 Ne5 11. Bg2 a6 12. d4 1-0

[Event "Challenge"]
[Site "http://www.queenalice.com/game.php?id=315909"]
[Date "2007.12.6"]
[Round "-"]
[White "eon"]
[Black "Hugo_Gtz"]
[Result "0-1"]
[WhiteElo "1532"]
[BlackElo "1761"]

1. e4 e5 2. Nf3 d6 3. Bc4 Bg4 4. Bxf7+ Kxf7 5. d3 g6 6. h4 Nf6 7. Bg5 h6 8.
Nxe5+ dxe5 9. Qxg4 hxg5 10. Qxg5 Nc6 11. Nd2 Qd4 12. O-O-O Bg7 13. Nf3 Qd6 14.
Kb1 Rag8 15. Rh3 Nd4 16. Nxe5+ Ke6 17. Nxg6 Rh5 18. Nf4+ Kd7 19. Nxh5 Bh6 20.
Nxf6+ Kc6 21. Qxg8 Qxf6 22. f3 Bg7 23. c3 Ne2 24. d4 Nf4 25. e5 Qf5+ 26. Ka1 Bh6
27. Qc4+ Kd7 28. g4 Qc2 29. Rhh1 Ng2 30. g5 Ne3 0-1

[Event "Challenge"]
[Site "http://www.queenalice.com/game.php?id=316013"]
[Date "2007.12.6"]
[Round "-"]
[White "junelorena"]
[Black "eon"]
[Result "0-1"]
[WhiteElo "1509"]
[BlackElo "1757"]

1. Nc3 d5 2. e3 e5 3. d4 e4 4. f3 Bd6 5. fxe4 Qh4+ 6. Kd2 dxe4 7. Nce2 Nf6 8. b3
O-O 9. g3 Qh6 10. Nf4 Rd8 11. c3 c5 12. Kc2 Ng4 13. Qe2 cxd4 14. cxd4 Nc6 15.
Bb2 Bf5 16. Rc1 Rac8 17. Kb1 Bxf4 18. gxf4 a6 19. Bh3 Qe6 20. Bg2 Nb4 21. Nh3 h6
22. Nf2 Nd3 23. Nxd3 exd3 24. Qd2 Be4 25. Bxe4 Qxe4 26. Rce1 Rc2 27. Qa5 Rdc8
28. Rd1 Nf2 0-1

[Event "Challenge"]
[Site "http://www.queenalice.com/game.php?id=316130"]
[Date "2007.12.6"]
[Round "-"]
[White "eon"]
[Black "Rookymoves"]
[Result "0-1"]
[WhiteElo "1705"]
[BlackElo "1959"]

1. e4 e5 2. Nf3 Nf6 3. Bc4 Nxe4 4. O-O Bc5 5. d4 exd4 6. Nxd4 O-O 7. Be3 d5 8.
Bd3 Bxd4 9. Bxd4 c5 10. Bxe4 dxe4 11. Bxc5 Qxd1 12. Rxd1 Nc6 13. Bxf8 Kxf8 14.
Nc3 Bg4 15. Rd2 Ke7 16. Nd5+ Kf8 0-1

[Event "Challenge"]
[Site "http://www.queenalice.com/game.php?id=316146"]
[Date "2007.12.6"]
[Round "-"]
[White "eon"]
[Black "Dean20"]
[Result "0-1"]
[WhiteElo "1765"]
[BlackElo "1744"]

1. e4 e5 2. Nf3 Nf6 3. Bc4 Nc6 4. Nc3 Nxe4 5. Nxe4 d5 6. Bxd5 Qxd5 7. Nc3 Qd6 8.
O-O Qg6 9. Nh4 Qg5 10. Nd5 Bd6 11. d4 Qxh4 0-1

[Event "Challenge"]
[Site "http://www.queenalice.com/game.php?id=316150"]
[Date "2007.12.6"]
[Round "-"]
[White "Icarvs"]
[Black "eon"]
[Result "1-0"]
[WhiteElo "1571"]
[BlackElo "1581"]

1. e4 e5 2. d4 exd4 3. c3 dxc3 4. Bc4 cxb2 5. Bxb2 Qg5 6. Qf3 Nh6 7. Nh3 Qa5+ 8.
Bc3 Bb4 9. Ng5 Qxg5 10. O-O Bxc3 11. Nxc3 c6 12. Rfe1 O-O 13. Rab1 1-0